[Event "19. Bosnjaci Open 2014"]
[Site "Bosnjaci CRO"]
[Date "2014.01.03"]
[Round "1.2"]
[White "Pavlovic, Zeljko"]
[Black "Jovanovic, Zoran2"]
[Result "0-1"]
[WhiteElo "1985"]
[BlackElo "2526"]
[PlyCount "68"]
[EventDate "2014.01.03"]
[EventType "swiss"]
[EventRounds "9"]
[EventCountry "CRO"]
[Source "lmi"]
[SourceDate "2014.01.03"]

1. d4 d6 2. Nf3 g6 3. e4 Bg7 4. c3 Nf6 5. Bd3 O-O 6. O-O Nc6 7. h3 e5 8. Be3 h6
9. Nbd2 Nh5 10. Bb5 Bd7 11. d5 Ne7 12. Bxd7 Qxd7 13. Nh2 Kh7 14. c4 Nf6 15. f3
Nh5 16. c5 f5 17. cxd6 cxd6 18. Rc1 Ng8 19. Qb3 Qe7 20. Rc2 Nf4 21. Bxf4 exf4
22. Rfc1 Rf7 23. Nhf1 Re8 24. exf5 gxf5 25. Qa4 Qe5 26. Qxa7 Qxd5 27. Nb3 Be5
28. Qb6 Rg7 29. Nfd2 Ree7 30. Qb4 Qe6 31. Nc4 Nf6 32. Qd2 Nd5 33. Rd1 Ne3 34.
Nxe3 fxe3 0-1

[Event "19. Bosnjaci Open 2014"]
[Site "Bosnjaci CRO"]
[Date "2014.01.03"]
[Round "1.3"]
[White "Blagojevic, Dragisa"]
[Black "Ikica, Ante"]
[Result "1-0"]
[WhiteElo "2516"]
[BlackElo "1972"]
[PlyCount "51"]
[EventDate "2014.01.03"]
[EventType "swiss"]
[EventRounds "9"]
[EventCountry "CRO"]
[Source "lmi"]
[SourceDate "2014.01.03"]

1. d4 e6 2. c4 Nf6 3. Nf3 Bb4+ 4. Bd2 Be7 5. g3 b6 6. Bg2 Bb7 7. Nc3 O-O 8. O-O
d6 9. Qc2 Nbd7 10. e4 e5 11. h3 Re8 12. Be3 Bf8 13. d5 g6 14. b4 Bg7 15. Nd2
Nh5 16. Rfc1 Rf8 17. c5 bxc5 18. bxc5 Bc8 19. cxd6 cxd6 20. Qd1 Nb6 21. Nb5 Nf6
22. Rab1 Ne8 23. Nxa7 Rxa7 24. Bxb6 Rc7 25. Rxc7 Nxc7 26. Qc2 1-0

[Event "19. Bosnjaci Open 2014"]
[Site "Bosnjaci CRO"]
[Date "2014.01.03"]
[Round "1.4"]
[White "Solic, Miroslav"]
[Black "Dizdarevic, Emir"]
[Result "0-1"]
[WhiteElo "1957"]
[BlackElo "2502"]
[PlyCount "64"]
[EventDate "2014.01.03"]
[EventType "swiss"]
[EventRounds "9"]
[EventCountry "CRO"]
[Source "lmi"]
[SourceDate "2014.01.03"]

1. e4 e6 2. d4 d5 3. Nc3 Bb4 4. e5 Ne7 5. Bd2 O-O 6. f4 c5 7. Nf3 cxd4 8. Nb5
Bc5 9. b4 Bb6 10. Nbxd4 Nbc6 11. c3 Nf5 12. Nxf5 exf5 13. Bd3 Qe7 14. b5 Qc5
15. Qe2 Nd8 16. Nd4 Ne6 17. Nb3 Qc7 18. Rc1 Nc5 19. Nxc5 Qxc5 20. c4 Be6 21.
cxd5 Qxd5 22. Be3 Bxe3 23. Qxe3 Qxg2 24. Rg1 Qxh2 25. Rc2 Qh4+ 26. Kf1 Rfd8 27.
Rcg2 g6 28. Rg5 Rac8 29. Be2 Rc2 30. Rh5 Rxe2 31. Qxe2 Qxf4+ 32. Ke1 Qb4+ 0-1

[Event "19. Bosnjaci Open 2014"]
[Site "Bosnjaci CRO"]
[Date "2014.01.03"]
[Round "1.6"]
[White "Grubisic, Ivica"]
[Black "Zufic, Miroslav"]
[Result "1-0"]
[WhiteElo "1933"]
[BlackElo "2466"]
[PlyCount "87"]
[EventDate "2014.01.03"]
[EventType "swiss"]
[EventRounds "9"]
[EventCountry "CRO"]
[Source "lmi"]
[SourceDate "2014.01.03"]

1. e4 c5 2. Nf3 d6 3. d4 cxd4 4. Nxd4 Nf6 5. Nc3 a6 6. Bc4 e6 7. O-O b5 8. Bd3
Bb7 9. f3 Be7 10. Be3 Nbd7 11. Qd2 b4 12. Nce2 d5 13. Ng3 O-O 14. c3 dxe4 15.
Nxe4 Nxe4 16. Bxe4 Bxe4 17. fxe4 Rc8 18. cxb4 Nf6 19. Rac1 Nxe4 20. Qd3 Nf6 21.
Rxc8 Qxc8 22. a3 Ng4 23. Bc1 Bf6 24. Nf3 Qc6 25. Qe2 Qc7 26. g3 Qb6+ 27. Kg2
Qc6 28. Kh3 h5 29. Bg5 Bxg5 30. Nxg5 Qd5 31. Kh4 Nf6 32. Qc2 g6 33. Rxf6 Kg7
34. Rf4 Kh6 35. Qc5 Qd8 36. Rd4 Qa8 37. Rd7 Qe8 38. Qc7 Qa8 39. Rxf7 Rxf7 40.
Qxf7 Qh8 41. Nxe6 g5+ 42. Nxg5 Qd4+ 43. Qf4 Qd8 44. Qe5 1-0

[Event "19. Bosnjaci Open 2014"]
[Site "Bosnjaci CRO"]
[Date "2014.01.03"]
[Round "1.7"]
[White "Zaja, Ivan"]
[Black "Lujic, Simo"]
[Result "1-0"]
[WhiteElo "2457"]
[BlackElo "1933"]
[PlyCount "43"]
[EventDate "2014.01.03"]
[EventType "swiss"]
[EventRounds "9"]
[EventCountry "CRO"]
[Source "lmi"]
[SourceDate "2014.01.03"]

1. d4 d5 2. c4 e6 3. Nc3 c6 4. e4 dxc4 5. Bxc4 b5 6. Bb3 Bb7 7. Nf3 a5 8. O-O
a4 9. Bc2 Ne7 10. b3 axb3 11. Bxb3 Ng6 12. d5 exd5 13. exd5 Bb4 14. Re1+ Kf8
15. Bd2 Na6 16. Nd4 Bc5 17. Nxc6 Qb6 18. Ne4 Bxc6 19. dxc6 Be7 20. Qf3 f6 21.
Nxf6 Bxf6 22. Qxf6+ 1-0

[Event "19. Bosnjaci Open 2014"]
[Site "Bosnjaci CRO"]
[Date "2014.01.03"]
[Round "1.8"]
[White "Bekcic, Martin"]
[Black "Leventic, Ivan"]
[Result "0-1"]
[WhiteElo "1918"]
[BlackElo "2457"]
[PlyCount "50"]
[EventDate "2014.01.03"]
[EventType "swiss"]
[EventRounds "9"]
[EventCountry "CRO"]
[Source "lmi"]
[SourceDate "2014.01.03"]

1. d4 Nf6 2. Bf4 c5 3. e3 Qb6 4. b3 cxd4 5. Qxd4 Qd8 6. Bxb8 Rxb8 7. Qxa7 Qc7
8. Qd4 e5 9. Qc4 Qa5+ 10. c3 b5 11. Qd3 d5 12. b4 Qc7 13. Ne2 Bd6 14. g3 d4 15.
exd4 Bb7 16. f3 e4 17. Qe3 O-O 18. Bg2 exf3 19. Bxf3 Rfe8 20. Qd3 Bxg3+ 21. Kf1
Bxh2 22. Nd2 Nd5 23. Ne4 f5 24. Nc5 Ne3+ 25. Kf2 Bxf3 0-1

[Event "19. Bosnjaci Open 2014"]
[Site "Bosnjaci CRO"]
[Date "2014.01.03"]
[Round "1.9"]
[White "Kovacevic, Blazimir"]
[Black "Pejic, Ivo"]
[Result "1-0"]
[WhiteElo "2449"]
[BlackElo "1915"]
[PlyCount "67"]
[EventDate "2014.01.03"]
[EventType "swiss"]
[EventRounds "9"]
[EventCountry "CRO"]
[Source "lmi"]
[SourceDate "2014.01.03"]

1. c4 Nf6 2. Nc3 d6 3. g3 g6 4. Bg2 Bg7 5. e4 Nbd7 6. Nge2 c5 7. O-O O-O 8. h3
a6 9. d4 Rb8 10. a4 cxd4 11. Nxd4 Ne5 12. b3 Nfd7 13. Be3 Qc7 14. Nd5 Qd8 15.
Qd2 Nc5 16. a5 Ne6 17. Ne2 Nc5 18. Nd4 Ne6 19. Ra2 Nxd4 20. Bxd4 Be6 21. Ne3
Qc8 22. f4 Nc6 23. Bxg7 Kxg7 24. f5 Bd7 25. Ng4 Ne5 26. f6+ Kh8 27. fxe7 Qc5+
28. Kh1 Bxg4 29. exf8=Q+ Rxf8 30. hxg4 Nxg4 31. Bh3 Qh5 32. Kg2 Ne5 33. Qxd6
Kg8 34. Rf5 1-0

[Event "19. Bosnjaci Open 2014"]
[Site "Bosnjaci CRO"]
[Date "2014.01.03"]
[Round "1.10"]
[White "Jelic, Ivan"]
[Black "Rogulj, Branko"]
[Result "0-1"]
[WhiteElo "1904"]
[BlackElo "2429"]
[PlyCount "108"]
[EventDate "2014.01.03"]
[EventType "swiss"]
[EventRounds "9"]
[EventCountry "CRO"]
[Source "lmi"]
[SourceDate "2014.01.03"]

1. e4 Nf6 2. Nc3 e6 3. e5 Nd5 4. Nxd5 exd5 5. d4 d6 6. Qh5 dxe5 7. Qxe5+ Be6 8.
Bf4 Nd7 9. Qxc7 Qxc7 10. Bxc7 Rc8 11. Ba5 Rxc2 12. Bc3 Ba3 13. Bd3 Bxb2 14.
Bxb2 Rxb2 15. Nf3 h6 16. O-O Ke7 17. Rfb1 Rxb1+ 18. Rxb1 Rb8 19. Nd2 Kd6 20. f4
Nb6 21. Kf2 Rc8 22. f5 Bd7 23. g4 Rc3 24. Ke2 Ra3 25. Rb2 Bc6 26. Nb1 Ra4 27.
Ke3 Nc4+ 28. Bxc4 dxc4 29. Nc3 Ra3 30. Kd2 a6 31. d5 Bxd5 32. Nxd5 Kxd5 33.
Rxb7 Rxa2+ 34. Kc3 Ra3+ 35. Kc2 f6 36. h4 h5 37. Rxg7 hxg4 38. Rxg4 Rf3 39. h5
Rh3 40. Rg6 Ke5 41. Rg4 Rxh5 42. Rxc4 Rxf5 43. Ra4 Rf1 44. Rxa6 f5 45. Ra4 Rf4
46. Ra6 Rd4 47. Kc3 Rd5 48. Ra4 f4 49. Ra8 f3 50. Rf8 Ke4 51. Re8+ Re5 52.
Rxe5+ Kxe5 53. Kd2 Kf4 54. Ke1 Kg3 0-1

[Event "19. Bosnjaci Open 2014"]
[Site "Bosnjaci CRO"]
[Date "2014.01.03"]
[Round "1.12"]
[White "Ljikar, Tamara"]
[Black "Jakic, Ivan"]
[Result "0-1"]
[WhiteElo "1885"]
[BlackElo "2404"]
[PlyCount "102"]
[EventDate "2014.01.03"]
[EventType "swiss"]
[EventRounds "9"]
[EventCountry "CRO"]
[Source "lmi"]
[SourceDate "2014.01.03"]

1. e4 c5 2. Nc3 Nc6 3. g3 g6 4. Bg2 Bg7 5. d3 d6 6. Be3 h5 7. h3 Nd4 8. f4 Qa5
9. Qd2 e6 10. Nf3 Ne7 11. O-O Nec6 12. Rae1 Bd7 13. Ng5 Qb4 14. Qc1 f6 15. a3
Qb6 16. Nf3 Nxf3+ 17. Bxf3 f5 18. exf5 gxf5 19. Nd5 Qd8 20. Bf2 Kf7 21. Ne3 Nd4
22. Bg2 Bc6 23. Bxc6 bxc6 24. Qd1 h4 25. g4 fxg4 26. hxg4 d5 27. c3 Nb5 28. Qf3
d4 29. Nc4 Qd5 30. Qxd5 cxd5 31. Ne5+ Bxe5 32. Rxe5 dxc3 33. bxc3 Rhg8 34. g5
Nxc3 35. Bxc5 Rac8 36. Bxa7 Nb5 37. Bf2 Rc2 38. a4 Nd6 39. Bxh4 Nf5 40. Bf2 Rb8
41. g6+ Kf6 42. Rfe1 Rc6 43. a5 Rg8 44. Kf1 Rxg6 45. Ra1 Ra6 46. Bb6 Rg4 47.
Rae1 Rxf4+ 48. Kg2 Ra8 49. Rxe6+ Kf7 50. R1e2 Rg8+ 51. Kh1 Ng3+ 0-1

[Event "19. Bosnjaci Open 2014"]
[Site "Bosnjaci CRO"]
[Date "2014.01.03"]
[Round "1.13"]
[White "Plenkovic, Zdenko"]
[Black "Tomic, Ivan"]
[Result "1-0"]
[WhiteElo "2404"]
[BlackElo "1881"]
[PlyCount "43"]
[EventDate "2014.01.03"]
[EventType "swiss"]
[EventRounds "9"]
[EventCountry "CRO"]
[Source "lmi"]
[SourceDate "2014.01.03"]

1. e4 b6 2. d4 e6 3. Nf3 Bb7 4. Bd3 c5 5. c3 Nf6 6. Qe2 cxd4 7. cxd4 Bb4+ 8.
Bd2 Nc6 9. Nc3 h6 10. O-O O-O 11. Rfe1 Bxc3 12. bxc3 Ne7 13. c4 Ba6 14. e5 Nh7
15. Bb4 f5 16. exf6 Rxf6 17. Bxe7 Qxe7 18. Bxh7+ Kxh7 19. Qe4+ Rf5 20. Qxa8
Bxc4 21. Qe4 Bd5 22. Qxf5+ 1-0

[Event "19. Bosnjaci Open 2014"]
[Site "Bosnjaci CRO"]
[Date "2014.01.03"]
[Round "1.14"]
[White "Dunatov, Kresimir"]
[Black "Leskur, Dejan"]
[Result "0-1"]
[WhiteElo "1880"]
[BlackElo "2395"]
[PlyCount "96"]
[EventDate "2014.01.03"]
[EventType "swiss"]
[EventRounds "9"]
[EventCountry "CRO"]
[Source "lmi"]
[SourceDate "2014.01.03"]

1. e4 g6 2. d4 Bg7 3. Be3 d6 4. Qd2 a6 5. Nc3 b5 6. Bd3 Nd7 7. f4 c5 8. dxc5
Nxc5 9. Nf3 Bb7 10. a3 Rc8 11. O-O Nf6 12. Bd4 O-O 13. Rae1 Ne6 14. Bf2 Bh6 15.
Ng5 Ng4 16. Bh4 Nxg5 17. Bxg5 Bxg5 18. fxg5 b4 19. axb4 Qb6+ 20. Kh1 Qxb4 21.
Qf4 Ne5 22. Nd1 Qd4 23. Qg3 a5 24. b3 Nxd3 25. cxd3 Ba6 26. Rf3 Qe5 27. Qh4 Rc1
28. Rff1 Bxd3 29. Nf2 Bxf1 30. Rxc1 Be2 31. Re1 Qc3 32. Nh3 Ba6 33. Rb1 Rc8 34.
Qe1 Qxe1+ 35. Rxe1 Rc3 36. Nf4 Bb7 37. h3 Rxb3 38. e5 dxe5 39. Rxe5 Rb4 40. Nd3
Rh4 41. Kg1 Rd4 42. Nf2 a4 43. Rxe7 Rb4 44. Nd3 Rb1+ 45. Kh2 a3 46. Ne5 a2 47.
Ng4 a1=Q 48. Nh6+ Kf8 0-1

[Event "19. Bosnjaci Open 2014"]
[Site "Bosnjaci CRO"]
[Date "2014.01.03"]
[Round "1.15"]
[White "Mrkonjic, Nenad"]
[Black "Ilisevic, Adam"]
[Result "1-0"]
[WhiteElo "2376"]
[BlackElo "1871"]
[PlyCount "71"]
[EventDate "2014.01.03"]
[EventType "swiss"]
[EventRounds "9"]
[EventCountry "CRO"]
[Source "lmi"]
[SourceDate "2014.01.03"]

1. d4 f5 2. g3 g6 3. Bg2 Nf6 4. c4 c6 5. Nc3 Bg7 6. Qd3 O-O 7. Nf3 d6 8. O-O h6
9. b4 Kh7 10. Bb2 Nbd7 11. d5 c5 12. a3 a5 13. b5 b6 14. Rae1 Ne5 15. Nxe5 dxe5
16. e4 Qd6 17. Qc2 Nd7 18. exf5 gxf5 19. g4 Kh8 20. gxf5 Nf6 21. f4 exf4 22.
Bh3 Rg8 23. Kh1 Bd7 24. Ne4 Nxe4 25. Bxg7+ Rxg7 26. Qxe4 Rf8 27. Rxf4 Qf6 28.
Qe5 Kh7 29. Rg4 Rxg4 30. Bxg4 Rf7 31. Qxf6 exf6 32. Re6 Rg7 33. Bh5 Bxe6 34.
fxe6 f5 35. d6 f4 36. e7 1-0

[Event "19. Bosnjaci Open 2014"]
[Site "Bosnjaci CRO"]
[Date "2014.01.03"]
[Round "1.16"]
[White "Matosevic, Ivica"]
[Black "Burovic, Ismet"]
[Result "0-1"]
[WhiteElo "1864"]
[BlackElo "2372"]
[PlyCount "100"]
[EventDate "2014.01.03"]
[EventType "swiss"]
[EventRounds "9"]
[EventCountry "CRO"]
[Source "lmi"]
[SourceDate "2014.01.03"]

1. e4 c6 2. d4 d5 3. exd5 cxd5 4. c4 Nf6 5. h3 g6 6. Nf3 Bg7 7. Bd3 O-O 8. O-O
b6 9. Nc3 Bb7 10. Ne5 Nc6 11. Be3 Nxe5 12. dxe5 d4 13. exf6 Bxf6 14. Be4 Bxe4
15. Nxe4 dxe3 16. Nxf6+ exf6 17. Qxd8 Raxd8 18. fxe3 Rd2 19. Rf2 Rfd8 20. Raf1
f5 21. g3 Kf8 22. Rxd2 Rxd2 23. Rf2 Rd1+ 24. Kg2 Ke7 25. Re2 Kd6 26. Kf2 Ke5
27. Kf3 g5 28. g4 Rh1 29. gxf5 h5 30. Kg2 Rc1 31. b3 Ke4 32. Kf2 Rc3 33. f6 Rd3
34. Re1 Rd2+ 35. Re2 Rd6 36. Ke1 Rxf6 37. Rg2 Rf5 38. Ke2 f6 39. Rg3 Ra5 40. a4
Rf5 41. b4 a6 42. Ke1 a5 43. bxa5 Rxa5 44. Rg2 Rxa4 45. Rb2 Kxe3 46. Rb3+ Kf4
47. Rxb6 Rxc4 48. Rxf6+ Kg3 49. Rf5 Kh4 50. Rf3 Rc2 0-1

[Event "19. Bosnjaci Open 2014"]
[Site "Bosnjaci CRO"]
[Date "2014.01.03"]
[Round "1.17"]
[White "Armanda, Ivica"]
[Black "Pejic, Mirko"]
[Result "1-0"]
[WhiteElo "2368"]
[BlackElo "1863"]
[PlyCount "41"]
[EventDate "2014.01.03"]
[EventType "swiss"]
[EventRounds "9"]
[EventCountry "CRO"]
[Source "lmi"]
[SourceDate "2014.01.03"]

1. e4 e5 2. Nf3 Nc6 3. Bc4 Bc5 4. c3 Nf6 5. d3 O-O 6. O-O d6 7. a4 a6 8. Re1
Bg4 9. h3 Bh5 10. Nbd2 h6 11. Nf1 Ne7 12. Ng3 Bg6 13. a5 c6 14. Ba2 b5 15. Nh4
Bh7 16. Qf3 b4 17. Bxh6 Nxe4 18. Nxe4 Bxe4 19. Qg4 Bg6 20. Nxg6 Nxg6 21. Qxg6
1-0

[Event "19. Bosnjaci Open 2014"]
[Site "Bosnjaci CRO"]
[Date "2014.01.03"]
[Round "1.18"]
[White "Vidakovic, Mato"]
[Black "Zivkovic, Vjekoslav"]
[Result "0-1"]
[WhiteElo "1857"]
[BlackElo "2365"]
[PlyCount "86"]
[EventDate "2014.01.03"]
[EventType "swiss"]
[EventRounds "9"]
[EventCountry "CRO"]
[Source "lmi"]
[SourceDate "2014.01.03"]

1. d4 Nf6 2. c4 d6 3. Nc3 Bf5 4. e3 g6 5. Bd3 Bxd3 6. Qxd3 Bg7 7. b3 O-O 8. Bb2
e5 9. dxe5 dxe5 10. Qxd8 Rxd8 11. e4 Na6 12. Nf3 Nc5 13. O-O Nfxe4 14. Nxe4
Nxe4 15. Rad1 f6 16. Rfe1 Nc5 17. Ba3 Ne6 18. Be7 Rxd1 19. Rxd1 Kf7 20. Ba3 Rd8
21. Rxd8 Nxd8 22. Nd2 Bh6 23. Nf1 e4 24. Bc5 a6 25. Be3 Bxe3 26. Nxe3 Ke6 27.
Kf1 f5 28. Ke2 Ke5 29. g3 Ne6 30. Kd2 a5 31. Kc3 a4 32. b4 f4 33. Nd5 c6 34.
Nb6 Kf5 35. c5 Kg4 36. Nc4 e3 37. fxe3 fxg3 38. hxg3 Kxg3 39. Nd6 h5 40. Kd3 h4
41. Ne4+ Kg2 42. Ke2 g5 43. Nf2 h3 0-1

[Event "19. Bosnjaci Open 2014"]
[Site "Bosnjaci CRO"]
[Date "2014.01.03"]
[Round "1.19"]
[White "Sertic, Rudolf"]
[Black "Draskic, Skender"]
[Result "1-0"]
[WhiteElo "2354"]
[BlackElo "1856"]
[PlyCount "69"]
[EventDate "2014.01.03"]
[EventType "swiss"]
[EventRounds "9"]
[EventCountry "CRO"]
[Source "lmi"]
[SourceDate "2014.01.03"]

1. d4 d5 2. c4 dxc4 3. e3 g6 4. Bxc4 Bg7 5. Qb3 Nh6 6. Nf3 O-O 7. Bd2 c6 8. O-O
b5 9. Be2 Be6 10. Qc2 f5 11. Ng5 Bf7 12. a4 bxa4 13. Rxa4 e6 14. Nxf7 Nxf7 15.
Rd1 Qc8 16. f4 Nd7 17. Rc4 Nd8 18. Ba5 Nb6 19. Bxb6 axb6 20. Bf3 b5 21. Rc5 Ra6
22. Rxb5 Rf7 23. Rc5 Bf8 24. Rc4 Rb7 25. Nc3 Qa8 26. Na4 Rb4 27. Rxb4 Bxb4 28.
b3 Be7 29. g4 Qb7 30. gxf5 gxf5 31. Kh1 Bf8 32. Rg1+ Kh8 33. Nc5 Bxc5 34. Qxc5
Qf7 35. Qe5+ 1-0

[Event "19. Bosnjaci Open 2014"]
[Site "Bosnjaci CRO"]
[Date "2014.01.03"]
[Round "1.20"]
[White "Mutapcic, Ilija"]
[Black "Petrusic, Toni"]
[Result "0-1"]
[WhiteElo "1856"]
[BlackElo "2302"]
[PlyCount "48"]
[EventDate "2014.01.03"]
[EventType "swiss"]
[EventRounds "9"]
[EventCountry "CRO"]
[Source "lmi"]
[SourceDate "2014.01.03"]

1. e4 c5 2. Nf3 g6 3. c3 Bg7 4. d4 cxd4 5. cxd4 d5 6. e5 Nc6 7. Nc3 Nh6 8. Be2
Bg4 9. h3 Bxf3 10. Bxf3 e6 11. O-O Nf5 12. Be3 O-O 13. Qd2 f6 14. exf6 Qxf6 15.
Rfd1 Nfxd4 16. Bxd4 Nxd4 17. Bxd5 exd5 18. Nxd5 Qd6 19. Ne3 Rad8 20. Kh1 Qf4
21. Ng4 Qxd2 22. Rxd2 h5 23. Ne3 Nf5 24. Nxf5 Rxd2 0-1

[Event "19. Bosnjaci Open 2014"]
[Site "Bosnjaci CRO"]
[Date "2014.01.04"]
[Round "2.1"]
[White "Zivkovic, Nikola"]
[Black "Kuljasevic, Davorin"]
[Result "0-1"]
[WhiteElo "2204"]
[BlackElo "2580"]
[PlyCount "98"]
[EventDate "2014.01.03"]
[EventType "swiss"]
[EventRounds "9"]
[EventCountry "CRO"]
[Source "lmi"]
[SourceDate "2014.01.03"]

1. e4 e5 2. Nf3 Nc6 3. Bb5 a6 4. Ba4 Nf6 5. O-O Be7 6. Re1 b5 7. Bb3 d6 8. c3
O-O 9. h3 h6 10. d4 Re8 11. Nbd2 Bf8 12. a4 Bd7 13. d5 Ne7 14. Nf1 c6 15. dxc6
Bxc6 16. Ng3 Ng6 17. Nh2 Nf4 18. Ng4 Nd7 19. axb5 axb5 20. Rxa8 Bxa8 21. f3 Nc5
22. Bc2 h5 23. Nf2 Qg5 24. Bxf4 Qxf4 25. Nf1 Qg5 26. Qc1 Qh4 27. g3 Qf6 28. Qd1
h4 29. Ng4 Qg5 30. Qd2 Qh5 31. Kg2 Be7 32. Nfe3 hxg3 33. Nf5 Ne6 34. Nxg3 Qh4
35. Ne2 Bg5 36. Qd1 Nf4+ 37. Nxf4 Bxf4 38. Rh1 f5 39. Nf2 Kh8 40. Kf1 fxe4 41.
Nxe4 d5 42. Nf2 e4 43. fxe4 Bg3 44. Ng4 dxe4 45. Qd7 Rf8+ 46. Ke2 Bf4 47. Bb3
e3 48. Rg1 Rd8 49. Ne5 Qf2+ 0-1

[Event "19. Bosnjaci Open 2014"]
[Site "Bosnjaci CRO"]
[Date "2014.01.04"]
[Round "2.3"]
[White "Ljikar, Zoran"]
[Black "Blagojevic, Dragisa"]
[Result "0-1"]
[WhiteElo "2180"]
[BlackElo "2516"]
[PlyCount "68"]
[EventDate "2014.01.03"]
[EventType "swiss"]
[EventRounds "9"]
[EventCountry "CRO"]
[Source "lmi"]
[SourceDate "2014.01.03"]

1. e4 e5 2. Bc4 Nf6 3. d3 Nc6 4. Nf3 Bc5 5. O-O O-O 6. c3 d5 7. exd5 Nxd5 8.
Re1 Bg4 9. h3 Bh5 10. Nbd2 Nb6 11. Ne4 Nxc4 12. Nxc5 Nd6 13. g4 Bg6 14. Bg5 Qc8
15. Nh4 b6 16. Ne4 Qd7 17. Qe2 f6 18. Nxg6 hxg6 19. Bh4 Rad8 20. Rad1 Qf7 21.
Qf3 Nxe4 22. Qxe4 Rd6 23. b3 Rfd8 24. d4 Rd5 25. Bg3 f5 26. Qf3 fxg4 27. Qxg4
exd4 28. c4 R5d7 29. Re6 Ne7 30. Bh4 Nf5 31. Rde1 Rf8 32. Bg3 d3 33. Qxg6 d2
34. Rd1 Nxg3 0-1

[Event "19. Bosnjaci Open 2014"]
[Site "Bosnjaci CRO"]
[Date "2014.01.04"]
[Round "2.4"]
[White "Dizdarevic, Emir"]
[Black "Knezevic, Igor"]
[Result "1-0"]
[WhiteElo "2502"]
[BlackElo "2152"]
[PlyCount "101"]
[EventDate "2014.01.03"]
[EventType "swiss"]
[EventRounds "9"]
[EventCountry "CRO"]
[Source "lmi"]
[SourceDate "2014.01.03"]

1. Nf3 Nf6 2. g3 d5 3. Bg2 c5 4. O-O Nc6 5. d4 e6 6. b3 Be7 7. Bb2 O-O 8. e3 b6
9. c4 Ba6 10. Nbd2 Rc8 11. Qe2 Qc7 12. Rac1 Qb8 13. Rfd1 Rfd8 14. dxc5 bxc5 15.
Ne1 Qb6 16. e4 dxe4 17. Nxe4 Nd4 18. Bxd4 cxd4 19. Nxf6+ Bxf6 20. Nd3 Re8 21.
Rc2 e5 22. Qe1 Re7 23. Re2 Rce8 24. Nb4 Bb7 25. Bxb7 Qxb7 26. Nd5 Re6 27. Qa5
Bd8 28. Qa4 Bb6 29. Qb5 Qc8 30. c5 Qxc5 31. Qxc5 Bxc5 32. Nc7 Bb6 33. Nxe8 Rxe8
34. b4 f6 35. a4 Rc8 36. a5 Bd8 37. f4 Rc4 38. fxe5 Rxb4 39. e6 Kf8 40. Rc1 Ke7
41. Rc5 Kd6 42. Rc8 Ke7 43. Ra8 Rb7 44. a6 Rb1+ 45. Kg2 Bb6 46. Rg8 d3 47.
Rxg7+ Kf8 48. Rf7+ Ke8 49. Rd2 Re1 50. Rxd3 Rxe6 51. Rxh7 1-0

[Event "19. Bosnjaci Open 2014"]
[Site "Bosnjaci CRO"]
[Date "2014.01.04"]
[Round "2.6"]
[White "Plenca, Jadranko"]
[Black "Zaja, Ivan"]
[Result "0-1"]
[WhiteElo "2127"]
[BlackElo "2457"]
[PlyCount "42"]
[EventDate "2014.01.03"]
[EventType "swiss"]
[EventRounds "9"]
[EventCountry "CRO"]
[Source "lmi"]
[SourceDate "2014.01.03"]

1. e4 c5 2. Nf3 e6 3. c3 Nc6 4. d4 d5 5. exd5 exd5 6. Be2 Bd6 7. dxc5 Bxc5 8.
O-O Nf6 9. Nbd2 Bb6 10. Nb3 Ne4 11. Nbd4 O-O 12. Be3 Bg4 13. Qc2 Qf6 14. Rad1
Rfe8 15. Nb5 Bxe3 16. fxe3 Qh6 17. Bd3 Qxe3+ 18. Kh1 Qh6 19. Nc7 Ng3+ 20. Kg1
Nxf1 21. Rxf1 Rad8 0-1

[Event "19. Bosnjaci Open 2014"]
[Site "Bosnjaci CRO"]
[Date "2014.01.04"]
[Round "2.7"]
[White "Leventic, Ivan"]
[Black "Patarcic, Domagoj"]
[Result "1-0"]
[WhiteElo "2457"]
[BlackElo "2096"]
[PlyCount "123"]
[EventDate "2014.01.03"]
[EventType "swiss"]
[EventRounds "9"]
[EventCountry "CRO"]
[Source "lmi"]
[SourceDate "2014.01.03"]

1. e4 Nc6 2. Nf3 d5 3. exd5 Qxd5 4. Be2 Bg4 5. O-O Nf6 6. d4 O-O-O 7. Be3 Qd7
8. c4 Bxf3 9. Bxf3 Nxd4 10. Bxd4 Qxd4 11. Qa4 c6 12. Nc3 e5 13. Rad1 Qb6 14. b4
Qxb4 15. Rxd8+ Kxd8 16. Qxa7 Qxc3 17. Qb8+ Ke7 18. Qxb7+ Ke6 19. Qc8+ Nd7 20.
Rd1 Qxc4 21. Bxc6 Kf6 22. Qxd7 Be7 23. Bd5 Qc8 24. Qa4 g5 25. Qe4 Kg7 26. Qxe5+
Bf6 27. Qe4 Re8 28. Qf3 Re5 29. g3 Qe8 30. Kg2 Qb5 31. Be4 Qa4 32. Bd5 Qb5 33.
Bb3 Qe8 34. Rd6 Be7 35. Ra6 Bc5 36. Qf6+ Kg8 37. Bxf7+ Qxf7 38. Ra8+ Bf8 39.
Rxf8+ Kxf8 40. Qh8+ Qg8 41. Qxe5 Qxa2 42. Qxg5 Qa8+ 43. Kh3 Qh1 44. Qf6+ Kg8
45. g4 Qf1+ 46. Kh4 Qg2 47. Qf4 Kg7 48. g5 Kg8 49. Qg3 Qh1 50. Kh5 Qd1+ 51. Kh6
Qd7 52. Qb3+ Kf8 53. Qf3+ Kg8 54. Kh5 Qd6 55. h3 Qe6 56. Qe3 Qd7 57. Kh4 Qd1
58. f4 Qf1 59. Kg3 Qh1 60. f5 Qb1 61. Qe8+ Kg7 62. f6# 1-0

[Event "19. Bosnjaci Open 2014"]
[Site "Bosnjaci CRO"]
[Date "2014.01.04"]
[Round "2.8"]
[White "Babic, Andrija"]
[Black "Kovacevic, Blazimir"]
[Result "0-1"]
[WhiteElo "2091"]
[BlackElo "2449"]
[PlyCount "44"]
[EventDate "2014.01.03"]
[EventType "swiss"]
[EventRounds "9"]
[EventCountry "CRO"]
[Source "lmi"]
[SourceDate "2014.01.03"]

1. e4 c5 2. Nf3 e6 3. d4 cxd4 4. Nxd4 a6 5. a4 Nf6 6. Nc3 Qc7 7. Bd3 Nc6 8. Nf3
d6 9. O-O Be7 10. Bd2 b6 11. Ne2 Bb7 12. Ng3 h5 13. Ng5 h4 14. Ne2 Ne5 15. Nd4
d5 16. Ndxe6 fxe6 17. Nxe6 Qd7 18. exd5 Nxd3 19. cxd3 Bxd5 20. Nf4 Kf7 21. Nxd5
Qxd5 22. Be3 h3 0-1

[Event "19. Bosnjaci Open 2014"]
[Site "Bosnjaci CRO"]
[Date "2014.01.04"]
[Round "2.9"]
[White "Rogulj, Branko"]
[Black "Firi, Kazimir"]
[Result "1-0"]
[WhiteElo "2429"]
[BlackElo "2091"]
[PlyCount "46"]
[EventDate "2014.01.03"]
[EventType "swiss"]
[EventRounds "9"]
[EventCountry "CRO"]
[Source "lmi"]
[SourceDate "2014.01.03"]

1. e4 e6 2. d4 d5 3. Nc3 Nf6 4. e5 Nfd7 5. f4 c5 6. Nf3 Nc6 7. Be3 Be7 8. a3 a6
9. dxc5 Nxc5 10. b4 Nd7 11. Bd3 O-O 12. O-O Qc7 13. Qe1 Re8 14. Ne2 Nf8 15. Qf2
b5 16. Ned4 Nxd4 17. Bxd4 Bd7 18. g4 Reb8 19. f5 Qd8 20. f6 gxf6 21. exf6 Bd6
22. Qh4 Bf4 23. g5 e5 1-0

[Event "19. Bosnjaci Open 2014"]
[Site "Bosnjaci CRO"]
[Date "2014.01.04"]
[Round "2.10"]
[White "Pasalic, Adnan"]
[Black "Saric, Sinisa"]
[Result "0-1"]
[WhiteElo "2070"]
[BlackElo "2406"]
[PlyCount "56"]
[EventDate "2014.01.03"]
[EventType "swiss"]
[EventRounds "9"]
[EventCountry "CRO"]
[Source "lmi"]
[SourceDate "2014.01.03"]

1. d4 Nf6 2. c4 g6 3. Nc3 Bg7 4. Nf3 O-O 5. Bg5 h6 6. Bh4 c5 7. e3 d6 8. Be2 g5
9. Bg3 Nh5 10. Qd3 cxd4 11. Nxd4 Nxg3 12. hxg3 Nc6 13. f4 Nxd4 14. exd4 e5 15.
fxg5 Qxg5 16. Ne4 Qe7 17. O-O-O exd4 18. Rdf1 Re8 19. Bf3 Bf5 20. Rh4 Rac8 21.
Kb1 b5 22. b3 bxc4 23. bxc4 Qe5 24. Rf4 Bg6 25. Rg4 d5 26. cxd5 Rc3 27. Qd2
Rb8+ 28. Ka1 Rxf3 0-1